Представление документа в формате RUSMARC

ПолеНазваниеЗначение
  Тип записи a
  Библиографический уровень m
001 Контрольный номер a50929dfed1c4a29912b8260f20c1b09
005 Дата корректировки 20140506155505.4
200 Заглавие и сведения об ответственности __
a Заглавие Психология смысла: природа, строение и динамика смысловой реальности
210 Выходные данные __
a Место издания М.
c Издательство Смысл
d Дата издания 1999
215 Физическое описание __
a Объем 487 с.
330 Аннотация __
a Аннотация Монография посвящена всестороннему теоретическому анализу смысловой реальности.
686 Индексы других классификаций __
a Классификационный индекс 88.52
2 Код системы rubbk
700 Автор __
a Фамилия Леонтьев
b Имя Д. А.
899 Данные о местонахождении __
j Расстановочный фильтр 88.52
c Местонахождение стеллажа (устаревшее) 88.52
i Авторский знак Л 47
938 Служебная информация __
a Название организации Волгоградский филиал
b Имя БД Каталог_ВКИ
c Название АИБС АИБС МАРК-SQL